[Event "RUS SFO-ch"]
[Site "Zheleznogorsk"]
[Date "2016.02.21"]
[Round "9"]
[White "Bakharev, Nikolay"]
[Black "Safronov, Yuri"]
[Result "0-1"]
[WhiteElo "1901"]
[BlackElo "2190"]
[PlyCount "90"]
[EventDate "2016.02.13"]
[EventType "swiss"]
[EventRounds "9"]
[EventCountry "RUS"]
[SourceTitle "CBM 171 Extra"]
[Source "ChessBase"]
[SourceDate "2016.04.26"]
[SourceVersion "1"]
[SourceVersionDate "2016.04.26"]
[SourceQuality "1"]

1. d4 d5 2. c4 c6 3. cxd5 cxd5 4. Nc3 Nf6 5. Bf4 Nc6 6. Nf3 e6 7. a3 Bd6 8. Bxd6 Qxd6 9. e3 Bd7 10. Bd3 Rc8 11. Rc1 0-0 12. 0-0 Rfd8 13. b4 Be8 14. Nb5 Qb8 15. Qb3 Nd7 16. Ng5 h6 17. Nf3 a6 18. Nc3 b5 19. Rc2 Nb6 20. Rd1 f5 21. Re1 g6 22. g3 Kg7 23. Qa2 e5 24. Bf1 Bf7 25. Qa1 Kh7 26. Rec1 Nc4 27. Bg2 Qb6 28. Ne2 e4 29. Nd2 a5 30. bxa5 N6xa5 31. Qa2 Ra8 32. Nb3 Nc6 33. Bf1 Ra7 34. Nf4 g5 35. Ng2 Rda8 36. Bxc4 dxc4 37. Nc5 Nb4 38. Qb2 Nxc2 39. Qxc2 Rxa3 40. h4 Ra1 41. Rxa1 Rxa1+ 42. Kh2 Qa7 43. Qb2 Qa2 44. Qxb5 Qxf2 45. Qd7 Qg1+ 0-1

[Event "RUS SFO-ch"]
[Site "Zheleznogorsk"]
[Date "2016.02.20"]
[Round "8"]
[White "Abanin, Vladimir"]
[Black "Bakharev, Nikolay"]
[Result "0-1"]
[WhiteElo "1753"]
[BlackElo "1901"]
[PlyCount "176"]
[EventDate "2016.02.13"]
[EventType "swiss"]
[EventRounds "9"]
[EventCountry "RUS"]
[SourceTitle "CBM 171 Extra"]
[Source "ChessBase"]
[SourceDate "2016.04.26"]
[SourceVersion "1"]
[SourceVersionDate "2016.04.26"]
[SourceQuality "1"]

1. Nf3 Nf6 2. c4 c5 3. g3 Nc6 4. Bg2 d5 5. 0-0 e5 6. Qa4 Bd7 7. cxd5 Nxd5 8. Qe4 Nf6 9. Qc2 Bd6 10. d3 h6 11. Nc3 a6 12. a4 0-0 13. Nd2 Nd4 14. Qd1 Qc7 15. Nd5 Nxd5 16. Bxd5 Bg4 17. f3 Bh3 18. Re1 Kh8 19. Ne4 Be7 20. e3 Nc6 21. Nf2 Bd7 22. Bd2 Qd6 23. Qb3 f5 24. Rac1 Rab8 25. a5 Qc7 26. Qa2 h5 27. d4 b6 28. Bxc6 Qxc6 29. d5 Qb5 30. Bc3 Bd6 31. Ra1 Be8 32. f4 exf4 33. exf4 c4 34. Re6 Qxd5 35. Rh6+ Kg8 36. Rxd6 Qxd6 37. Be5 Qd8 38. Bxb8 Qxb8 39. Qxc4+ Bf7 40. Qxa6 bxa5 41. Qxa5 Qxb2 42. Rd1 Bc4 43. Qd2 Qb7 44. Qd4 Qb3 45. Re1 Bd5 46. Nd3 Qa2 47. Qf2 Qa8 48. Qd4 Be4 49. Nf2 Rd8 50. Qe3 Bd5 51. Qe5 Rf8 52. Ra1 Qb7 53. Qd4 Rc8 54. Rd1 Bf3 55. Re1 Qc7 56. Qe3 Bd5 57. Qe5 Qf7 58. Rd1 Bb7 59. Qd6 Qb3 60. Qd3 Qe6 61. Qd6 Qc4 62. Qd3 Qc6 63. Qf1 Ra8 64. Rd2 Ra1 65. Rd1 Rxd1 66. Nxd1 Qh1+ 67. Kf2 Qxh2+ 68. Ke1 Qxg3+ 69. Qf2 Qd3 70. Ne3 Ba6 71. Qf3 Qb1+ 72. Kf2 Qa2+ 73. Kg3 Be2 74. Qd5+ Qxd5 75. Nxd5 Kf7 76. Kh4 Bf3 77. Nc7 Kf6 78. Ne8+ Kg6 79. Kg3 Bc6 80. Nd6 Kf6 81. Kh4 g6 82. Nc4 Ke6 83. Kg5 Kd5 84. Ne3+ Ke4 85. Ng2 Be8 86. Nh4 Ke3 87. Ng2+ Kf3 88. Nh4+ Kg3 0-1

[Event "RUS SFO-ch"]
[Site "Zheleznogorsk"]
[Date "2016.02.19"]
[Round "7"]
[White "Bakharev, Nikolay"]
[Black "Emeljashin, Yury"]
[Result "0-1"]
[WhiteElo "1901"]
[BlackElo "1984"]
[PlyCount "163"]
[EventDate "2016.02.13"]
[EventType "swiss"]
[EventRounds "9"]
[EventCountry "RUS"]
[SourceTitle "CBM 171 Extra"]
[Source "ChessBase"]
[SourceDate "2016.04.26"]
[SourceVersion "1"]
[SourceVersionDate "2016.04.26"]
[SourceQuality "1"]

1. d4 d6 2. c4 f5 3. Nc3 Nf6 4. Nf3 g6 5. g3 Bg7 6. Bg2 0-0 7. 0-0 Qe8 8. Nb5 Na6 9. Ng5 c6 10. Nc3 h6 11. Nf3 e5 12. dxe5 dxe5 13. e3 e4 14. Nd4 Nc5 15. b3 Nd3 16. Ba3 c5 17. Nde2 Be6 18. Qc2 Ng4 19. Rad1 Rd8 20. h3 Nge5 21. Nb5 a6 22. Nc7 Qf7 23. Nxe6 Qxe6 24. Nf4 Nxf4 25. gxf4 Nd3 26. Qb1 Qe7 27. Qc2 Kh7 28. Rd2 g5 29. Rfd1 gxf4 30. exf4 Qc7 31. Rxd3 Rxd3 32. Rxd3 exd3 33. Qxd3 Qxf4 34. Bxc5 Qc1+ 35. Bf1 Qg5+ 36. Qg3 Rd8 37. Be3 Qxg3+ 38. fxg3 Rd1 39. Kf2 Bd4 40. Be2 Bxe3+ 41. Kxe3 Ra1 42. Bd3 Rxa2 43. Bxf5+ Kg7 44. Bd7 Ra3 45. Ba4 b5 46. cxb5 axb5 47. Bxb5 Rxb3+ 48. Bd3 Kf6 49. h4 Ke5 50. g4 Rb4 51. Be2 Rb3+ 52. Bd3 Ra3 53. h5 Kd5 54. Ke2 Kd4 55. Bf5 Rh3 56. Kf2 Ra3 57. Ke2 Ra1 58. Kf2 Rc1 59. Ke2 Rh1 60. Kf2 Rh2+ 61. Kg3 Re2 62. Kf3 Rb2 63. Bg6 Ke5 64. Ke3 Rb3+ 65. Bd3 Ra3 66. Ke2 Kf4 67. Bf5 Ra2+ 68. Kd3 Kf3 69. Be6 Ra6 70. Bf5 Rd6+ 71. Kc3 Ke3 72. Kc2 Ke2 73. Kc3 Rd5 74. Be4 Rd6 75. Bf5 Ke3 76. Kc2 Rd4 77. Kc3 Ra4 78. Bd7 Ra7 79. Bf5 Re7 80. Kb2 Kd2 81. Kb3 Re3+ 82. Kb4 0-1

[Event "RUS SFO-ch"]
[Site "Zheleznogorsk"]
[Date "2016.02.15"]
[Round "3"]
[White "Bakharev, Nikolay"]
[Black "Malezkey, Vladimir"]
[Result "0-1"]
[WhiteElo "1901"]
[BlackElo "2018"]
[PlyCount "72"]
[EventDate "2016.02.13"]
[EventType "swiss"]
[EventRounds "9"]
[EventCountry "RUS"]
[SourceTitle "CBM 171 Extra"]
[Source "ChessBase"]
[SourceDate "2016.04.26"]
[SourceVersion "1"]
[SourceVersionDate "2016.04.26"]
[SourceQuality "1"]

1. d4 Nf6 2. c4 e6 3. Nc3 d5 4. cxd5 exd5 5. Nf3 c6 6. a3 Bd6 7. Bg5 0-0 8. e3 Nbd7 9. Bd3 Re8 10. Qc2 Nf8 11. h3 h6 12. Bh4 g5 13. Nxg5 hxg5 14. Bxg5 Be7 15. Bh6 Ne6 16. g4 Bf8 17. g5 Bxh6 18. gxh6 Nxd4 19. Qd1 Kh8 20. h7 Bf5 21. Kd2 Bxd3 22. Kxd3 Ne6 23. Qf3 d4 24. Ne2 dxe3+ 25. Kc4 Qd5+ 26. Qxd5 cxd5+ 27. Kd3 Nc5+ 28. Kc2 exf2 29. Nd4 Nce4 30. Rhf1 Rac8+ 31. Kd3 Nh5 32. Nf5 Kxh7 33. Kd4 Rc2 34. Kd3 Rxb2 35. Rad1 Nhg3 36. Nxg3 Nxg3 0-1